000 00374nam a22001577a 4500
003 OSt
005 20160414125555.0
008 160414b xxu||||| |||| 00| 0 eng d
020 _a0-323-02915-9
040 _cN/A
100 _aSUZANNE D. DIXON
245 _aENCOUNTERS WITH CHILDREN
250 _a4TH EDITION
260 _aUSA
_bMOSBY ELSEVIER
_c2006
942 _2lcc
_cBK
999 _c253125
_d253124